Les 50 Livres les plus Vendus de l'Histoire - Statistiques

Statistiques générales
  • Ce quiz a été pris 829 fois
  • Le résultat moyen est 14 sur 50
Statistiques - réponses
Auteur Livre (du plus au moins vendu) % Correct
? La Bible
89%
Antoine de Saint-Exupéry Le Petit Prince
88%
? Le Coran
81%
J.R.R Tolkien Le Seigneur des anneaux
80%
J.K Rowling Harry Potter à l'école des sorciers
78%
J.K Rowling Harry Potter et la coupe de feu
69%
J.R.R Tolkien Bilbo le Hobbit
67%
J.K Rowling Harry Potter et la chambre des secrets
67%
Homère L'Odyssée
66%
J.K Rowling Harry Potter et le prisonnier d'Azkaban
63%
J.K Rowling Harry Potter et les reliques de la mort
61%
Miguel de Cervantès Don Quichotte
60%
J.K Rowling Harry Potter et le prince de sang-mêlé
58%
J.K Rowling Harry Potter et l'ordre du Phénix
53%
Lewis Carroll Les Aventures d'Alice au pays des merveilles
50%
Arthur Conan Doyle Les Aventures de Sherlock Holmes
50%
Mao Zedong Le Petit Livre rouge
47%
Agatha Christie Ils étaient dix
37%
Dan Brown Da Vinci Code
34%
Paulo Coelho L'alchimiste
34%
Vladimir Nabokov Lolita
32%
Umberto Eco Le Nom de la rose
31%
Jules Verne Vingt mille lieues sous les mers
27%
J.D Salinger L'attrape-coeurs
25%
C.S Lewis Le lion, la sorcière blanche et l'armoire magique
21%
Gabriel Garcia Marquez Cent ans de solitude
18%
Mikhaïl Boulgakov Le maître et Marguerite
8%
Carlo Collodi Les Aventures de Pinocchio
7%
Béatrix Potter Pierre Lapin
6%
Lucy Maud Montgomery Anne - La maison aux pignons verts
4%
Johanna Spyri Heidi
3%
Lew Wallace Ben-Hur
2%
Henri Rider Haggard Elle
2%
Virginia C. Andrews Fleurs captives
2%
Jostein Gaarder Le monde de Sophie
2%
Charles Dickens Un conte de deux villes
2%
Richard Bach Jonathan Livingstone le Goéland
1%
Éric Carle La Chenille qui fait des trous
1%
Jack Higgins L'Aigle s'est envolé
1%
Shere Hite Le Rapport Hite
1%
Elbert Hubbard Message à Garcia
1%
Napoleon Hill Réfléchissez et devenez riche
1%
Robert James Waller Sur la route de Madison
1%
Anna Sewell et William Geldart Black beauty
0%
Benjamin Spock Comment soigner et éduquer son enfant
0%
Johnston McCulley La marque de Zoro
0%
Elwyn Brooks White Le Petit Monde de Charlotte
0%
Cao Xueqin Le Rêve dans le papillon rouge
0%
Richard Adams Les Garennes de Watership Down
0%
J.P Donleavy L'homme de gingembre
0%
Aucun quiz correspondant
Distribution des résultats
% des personnes avec chaque résultat
Percentile par nombre de réponses
Votre historique - résultats
Vous n’avez pas pris ce quiz